| 000 | 00601nam a2200217Ia 4500 | ||
|---|---|---|---|
| 005 | 20250508165429.0 | ||
| 008 | 008 250505s9999 xx 000 0 eng d | ||
| 020 | _a978-1-61205-625-8 | ||
| 037 | _aTextBook | ||
| 040 |
_aFEDL _beng _cFEDL |
||
| 041 |
_aeng _2eng |
||
| 084 |
_a301.01, BUE/R _qFEDL |
||
| 100 | _aBuechler Steven M | ||
| 245 | 0 | _aCritical sociology | |
| 250 | _a2 | ||
| 260 |
_aBoulder, USA _bWright and Potter Printing Company State Printers _c2014 |
||
| 300 | _axi, 307p. | ||
| 365 |
_aGBP _b29.99 |
||
| 942 |
_cTB _h301.01, BUE/R |
||
| 999 |
_c1395062 _d1395062 |
||